000 00543nam a2200229Ia 4500
003 OSt
005 20220912153231.0
006 a|||||r|||| 00| 0
007 ta
008 220909b |||||||| |||| 00| 0 eng d
024 _a555
037 _cTextual
040 _aCSL
_beng
_cCSL
041 _aeng
082 _aB245, L2.1
100 _aAtkinson F.V.
245 0 _aMultiparameter eigenvalue problems
260 _c1972
300 _ap.
_ccm.
942 _hB245, L2.1
_cTEXL
_2CC
999 _c99527
_d99527